| 000 | 01162cam a2200301 i 4500 | ||
|---|---|---|---|
| 999 |
_c28421 _d28421 |
||
| 001 | 28421 | ||
| 003 | Mx-PuUPA | ||
| 005 | 20191008155501.0 | ||
| 008 | 140415s1995 ck d r 000 0 spa d | ||
| 020 | _a9586015874 | ||
| 040 |
_aMx-PuUPA _bspa _cMx-PuUPA _dMx-PuUPA _erda |
||
| 041 | 0 | _aspa | |
| 245 | 1 | 0 |
_aDos ensayos especulativos sobre la violencia en Colombia / _cpor Malcom Deas, Fernando Gaitán Daza ; traducido por Juan Manuel Pombo ; prólogo de Armando Montenegro |
| 250 |
_aPrimera edición / _benero |
||
| 264 | 4 |
_aColombia : _bFondo Financiero de Proyectos de Desarrollo, Fonade, _bDepartamento Nacional de Planeación, DNP, _c1995 |
|
| 300 |
_axxi, 415 páginas : _bgráficas ; _c21 cm |
||
| 336 |
_atexto _2rdacontent _btxt |
||
| 337 |
_asin medio _2rdamedia _bn |
||
| 338 |
_avolumen _2rdacarrier _bnc |
||
| 650 | 4 |
_aViolencia _zColombia |
|
| 700 | 1 |
_aDeas, Malcolm D., _d1941- _eautor _98156 |
|
| 700 | 1 |
_aGaitán Daza, Fernando, _eautor |
|
| 700 | 1 |
_aPombo, Juan Manuel, _etraductor |
|
| 700 | 1 |
_aMontenegro, Armando, _eprologuista |
|
| 942 |
_2ddc _cLI _h303.60861 _iD722 |
||